000 00307nam a22001337a 4500
008 170607b xxu||||| |||| 00| 0 eng d
020 _a9780312084189
041 _aeng
080 _23RD
_a338
100 _a18
101 _aSHP
245 _aINTERNATIONAL POLITICAL ECONOMY
_cFRIEDEN,J.A
942 _2udc
_cBK
999 _c16209
_d16209